Priame zahraničné investície - globálny zdroj financovania
Priame zahraničné investície ako kľúčová forma prenikania zahraničného kapitálu do slovenskej ekonomiky. Rôzne vývojové fázy pôsobenia priamych zahraničných investícií na ekonomiku krajiny (hypotéza podľa J.H. Dunninga). Konkurenčný boj transformujúcich sa krajín o získanie podielu na zahraničných i...
Saved in:
| Main Author: | |
|---|---|
| Format: | Book Chapter |
| Language: | Slovak |
| Subjects: | |
| Tags: |
No Tags, Be the first to tag this record!
|
MARC
| LEADER | 00000naa$a2200000$$$4500 | ||
|---|---|---|---|
| 001 | 0002771 | ||
| 005 | 20231002120056.0 | ||
| 041 | 0 | |a slo | |
| 044 | |a SK | ||
| 245 | 1 | 0 | |a Priame zahraničné investície - globálny zdroj financovania |c aut. Hussam Musa |
| 520 | |a Priame zahraničné investície ako kľúčová forma prenikania zahraničného kapitálu do slovenskej ekonomiky. Rôzne vývojové fázy pôsobenia priamych zahraničných investícií na ekonomiku krajiny (hypotéza podľa J.H. Dunninga). Konkurenčný boj transformujúcich sa krajín o získanie podielu na zahraničných investíciách. Vývoj PZI v rokoch 1996-2002. Prílev PZI v roku 2002. | ||
| 610 | 2 | 0 | |a investície priame zahraničné |
| 610 | 2 | 0 | |a kapitál zahraničný |
| 610 | 2 | 0 | |a teória investícií |
| 610 | 2 | 0 | |a Dunning, J.H. |
| 610 | 2 | 0 | |a investori |
| 610 | 2 | 0 | |a 1996-2002 |
| 100 | 1 | |a Musa, Hussam | |